[Event "Madrid ch - Previa A"]
[Site "Madrid ESP"]
[Date "2010.11.24"]
[Round "8.5"]
[White "Beekhof Harmsen, Willen"]
[Black "Martin-consuegra Barrilero, Javier"]
[Result "1-0"]
[WhiteElo "1806"]
[BlackElo "1908"]
[PlyCount "129"]
[EventDate "2010.11.10"]
[EventType "swiss"]
[EventRounds "9"]
[EventCountry "ESP"]
[Source "lmi"]
[SourceDate "2010.11.10"]

1. d4 d6 2. g3 Nf6 3. Bg2 c6 4. c4 Bf5 5. Nc3 Qc7 6. Nf3 h6 7. O-O e5 8. d5 Be7
9. Nd2 O-O 10. Nde4 Nxe4 11. Nxe4 c5 12. f4 Bxe4 13. Bxe4 f5 14. Bg2 e4 15. Rb1
a5 16. e3 Bf6 17. g4 g6 18. gxf5 gxf5 19. Qh5 Qh7 20. Kh1 Nd7 21. Rg1 Bg7 22.
Bh3 Nf6 23. Qxf5 Qxf5 24. Bxf5 Rae8 25. Bd2 b6 26. Rg2 Re7 27. Bc3 Kh8 28. Rbg1
Nh5 29. Be6 Bxc3 30. bxc3 Rg7 31. Rxg7 Nxg7 32. Bd7 Kh7 33. Rb1 Rb8 34. Kg2 Kg6
35. Kh3 Kf6 36. a4 Rb7 37. Bc6 Rb8 38. Kg3 Nf5+ 39. Kf2 Nh4 40. Rg1 Nf3 41. Rg2
Rh8 42. Bd7 Rh7 43. Bg4 Nh4 44. Rg1 Rg7 45. Bd1 Rxg1 46. Kxg1 Kg6 47. Kf2 h5
48. h3 Kh6 49. Bc2 Nf5 50. Bxe4 Ng7 51. h4 Ne8 52. Bc2 Kg7 53. e4 Kf6 54. Ke3
Ng7 55. Bd1 Kg6 56. f5+ Kf6 57. Kf4 Ne8 58. Bxh5 Nc7 59. Bg6 b5 60. cxb5 Nxb5
61. h5 Nxc3 62. h6 Nxa4 63. h7 Kg7 64. f6+ Kxf6 65. h8=Q+ 1-0

[Event "Madrid ch - Previa A"]
[Site "Madrid ESP"]
[Date "2010.11.24"]
[Round "8.6"]
[White "Lopez Peral, Enrique"]
[Black "Monge Gilgado, Eva Maria"]
[Result "1/2-1/2"]
[WhiteElo "1881"]
[BlackElo "1812"]
[PlyCount "46"]
[EventDate "2010.11.10"]
[EventType "swiss"]
[EventRounds "9"]
[EventCountry "ESP"]
[Source "lmi"]
[SourceDate "2010.11.10"]

1. c4 f5 2. g3 g6 3. Bg2 Bg7 4. Nc3 Nf6 5. b3 O-O 6. Bb2 c6 7. Nf3 d6 8. d4 Qe8
9. d5 Na6 10. Qc2 e5 11. dxe6 Bxe6 12. Ng5 h6 13. Nxe6 Qxe6 14. O-O Rad8 15.
Rad1 Nc5 16. e3 Rfe8 17. Rd2 Nce4 18. Nxe4 fxe4 19. Rfd1 Nh7 20. Bxg7 Kxg7 21.
Rd4 Nf6 22. Qb2 Kf7 23. Qa3 c5 1/2-1/2

[Event "Madrid ch - Previa A"]
[Site "Madrid ESP"]
[Date "2010.11.24"]
[Round "8.7"]
[White "Garcia Lopez, Pedro"]
[Black "Olano Lanchas, Dionisio"]
[Result "1-0"]
[WhiteElo "1854"]
[BlackElo "1765"]
[PlyCount "85"]
[EventDate "2010.11.10"]
[EventType "swiss"]
[EventRounds "9"]
[EventCountry "ESP"]
[Source "lmi"]
[SourceDate "2010.11.10"]

1. d4 d5 2. Nf3 h6 3. c4 dxc4 4. Nc3 e6 5. e3 c6 6. Bxc4 Bb4 7. O-O Nf6 8. Qc2
Nbd7 9. e4 Nb6 10. Bb3 a5 11. a3 Be7 12. h3 O-O 13. Be3 Nbd7 14. Rad1 b6 15. d5
cxd5 16. exd5 Ba6 17. Rfe1 exd5 18. Nxd5 Nxd5 19. Bxd5 Rc8 20. Qf5 Bf6 21. Be4
g6 22. Qxd7 Qxd7 23. Rxd7 Bxb2 24. Bxh6 Rfe8 25. Be3 Rxe4 26. Ng5 Ree8 27. Nxf7
Be5 28. Nh6+ Kh8 29. Nf7+ Kg8 30. g3 Bb5 31. Ra7 Bb8 32. Nh6+ Kh8 33. Bd4+ Be5
34. Bxe5+ Rxe5 35. Nf7+ Kg7 36. Nxe5+ Kf6 37. Rb7 Be8 38. Rxb6+ Kg7 39. Rb7+
Kg8 40. Ng4 Bc6 41. Ra7 a4 42. Kh2 Ba8 43. Nf6+ 1-0

[Event "Madrid ch - Previa A"]
[Site "Madrid ESP"]
[Date "2010.11.24"]
[Round "8.8"]
[White "Sarabia Utrilla, Joaquin"]
[Black "Perez Del Amo, Jorge"]
[Result "1-0"]
[WhiteElo "1820"]
[BlackElo "1812"]
[PlyCount "129"]
[EventDate "2010.11.10"]
[EventType "swiss"]
[EventRounds "9"]
[EventCountry "ESP"]
[Source "lmi"]
[SourceDate "2010.11.10"]

1. d4 Nf6 2. c4 e6 3. Nc3 Bb4 4. a3 Bxc3+ 5. bxc3 O-O 6. e3 c5 7. Bd3 d5 8.
cxd5 exd5 9. Nf3 Nc6 10. O-O Re8 11. Re1 Ne4 12. Qc2 f5 13. c4 Be6 14. cxd5
Bxd5 15. dxc5 Qa5 16. Bd2 Nxd2 17. Nxd2 g6 18. Reb1 Ne5 19. Rc1 Nxd3 20. Qxd3
Rad8 21. Qc2 Qc7 22. Nb3 Bxb3 23. Qxb3+ Qf7 24. Rab1 Qxb3 25. Rxb3 Re7 26. g3
Rc7 27. Kg2 Rdd7 28. Rbc3 Rc6 29. Kf3 Kf7 30. e4 fxe4+ 31. Kxe4 Re6+ 32. Kf3
Rc6 33. a4 Rf6+ 34. Kg2 Rc6 35. Rc4 Rd5 36. Rb4 Rd7 37. Rcb1 Rcc7 38. Kf3 Rxc5
39. Rxb7 Rcc7 40. Rxc7 Rxc7 41. Rb4 Ke6 42. h4 Kf6 43. g4 Ke6 44. h5 gxh5 45.
gxh5 Kf6 46. Rb5 Rc3+ 47. Kg2 Rc7 48. a5 Rd7 49. Kg3 Rd3+ 50. f3 Rd7 51. f4
Rd3+ 52. Kg4 Rd7 53. Rc5 Rg7+ 54. Rg5 Rd7 55. Rf5+ Ke6 56. Rg5 Kf6 57. Rf5+ Ke6
58. Kg5 Rg7+ 59. Kh6 Rd7 60. Rf8 Ke7 61. Rh8 Kf6 62. Rxh7 Rd4 63. Rxa7 Rxf4 64.
Ra6+ Kf5 65. Kg7 1-0

[Event "Madrid ch - Previa A"]
[Site "Madrid ESP"]
[Date "2010.11.24"]
[Round "8.9"]
[White "Lopez Garralon, Miguel"]
[Black "Noriega De La Sierra, Antonio"]
[Result "1-0"]
[WhiteElo "1882"]
[BlackElo "1862"]
[PlyCount "91"]
[EventDate "2010.11.10"]
[EventType "swiss"]
[EventRounds "9"]
[EventCountry "ESP"]
[Source "lmi"]
[SourceDate "2010.11.10"]

1. e4 c5 2. Nf3 d6 3. d4 cxd4 4. Nxd4 Nf6 5. Nc3 a6 6. g3 Qc7 7. Bg2 e6 8. O-O
Be7 9. h3 O-O 10. Be3 Nbd7 11. Nde2 Ne5 12. b3 Nc6 13. g4 h6 14. Qd2 Nh7 15. f4
b5 16. f5 Bg5 17. Nf4 Rb8 18. Nh5 Bxe3+ 19. Qxe3 Ne5 20. f6 g5 21. Rac1 Bb7 22.
Ne2 Rfd8 23. Nd4 Qc5 24. Qf2 Ng6 25. c4 e5 26. Nf5 Qxf2+ 27. Rxf2 Nf4 28. Nxh6+
Kf8 29. Nxf4 exf4 30. cxb5 Nxf6 31. bxa6 Bxa6 32. Rd2 Bc8 33. e5 Ne8 34. Rcd1
Be6 35. exd6 Rb6 36. Nf5 Bxf5 37. gxf5 Rbxd6 38. Rxd6 Rxd6 39. Rxd6 Nxd6 40. a4
Ke7 41. a5 Kd7 42. a6 Nb5 43. Bd5 f6 44. Bc4 Na7 45. Kf2 Kd6 46. b4 1-0

[Event "Madrid ch - Previa A"]
[Site "Madrid ESP"]
[Date "2010.11.24"]
[Round "8.10"]
[White "Lucia Carpintero, Oscar"]
[Black "Galan Aguado, Fernando"]
[Result "0-1"]
[WhiteElo "1668"]
[BlackElo "1820"]
[PlyCount "86"]
[EventDate "2010.11.10"]
[EventType "swiss"]
[EventRounds "9"]
[EventCountry "ESP"]
[Source "lmi"]
[SourceDate "2010.11.10"]

1. f4 Nf6 2. Nf3 e6 3. e3 b6 4. Be2 Bb7 5. b3 g6 6. Bb2 Bg7 7. O-O O-O 8. d3
Re8 9. e4 d5 10. e5 Ng4 11. Qc1 c5 12. h3 Nh6 13. d4 Nf5 14. c3 Nc6 15. Na3 Rc8
16. Qd2 Ng3 17. Rfc1 Bh6 18. Bd3 Nh5 19. Nb5 Bxf4 20. Qf2 Bxc1 21. Bxc1 Rf8 22.
Bh6 Ng7 23. Nd6 Rc7 24. Bg5 Qd7 25. Bf6 cxd4 26. Qh4 Nh5 27. Qg5 Nxe5 28. Nxe5
Qxd6 29. Ng4 Nxf6 30. Qxf6 h6 31. Nxh6+ Kh7 32. Ng4 Qe7 33. Qf4 f5 34. Qh6+ Kg8
35. Qxg6+ Qg7 36. Qxe6+ Kh8 37. Bxf5 Bc8 38. Qe1 Bxf5 39. Qh4+ Bh7 40. Rd1 dxc3
41. Rxd5 c2 42. Rd8 c1=Q+ 43. Kh2 Qf4+ 0-1

[Event "Madrid ch - Previa A"]
[Site "Madrid ESP"]
[Date "2010.11.24"]
[Round "8.11"]
[White "Diaz Begonte, Manuel"]
[Black "Fernandez Garcia, Ignacio"]
[Result "0-1"]
[WhiteElo "1781"]
[BlackElo "1948"]
[PlyCount "74"]
[EventDate "2010.11.10"]
[EventType "swiss"]
[EventRounds "9"]
[EventCountry "ESP"]
[Source "lmi"]
[SourceDate "2010.11.10"]

1. e4 e6 2. d4 d5 3. exd5 exd5 4. Nf3 Bg4 5. h3 Bh5 6. g4 Bg6 7. Bg2 c6 8. O-O
Bd6 9. Re1+ Ne7 10. Ne5 O-O 11. f4 f5 12. Qe2 Na6 13. c4 fxg4 14. hxg4 Bxb1 15.
Rxb1 Qc7 16. c5 Bxe5 17. fxe5 Ng6 18. Bd2 Qe7 19. Rf1 Nc7 20. Rxf8+ Rxf8 21.
Rf1 Ne6 22. Be3 Ngf4 23. Qd2 g5 24. b4 Qg7 25. a4 a6 26. Qc2 Qh6 27. Bxf4 Nxf4
28. Qd2 Qh4 29. Rxf4 Rxf4 30. e6 Kf8 31. Qe2 Qxg4 32. Qe5 Qd1+ 33. Kh2 Rh4+ 34.
Kg3 Qg4+ 35. Kf2 Qf4+ 36. Kg1 Qxe5 37. dxe5 Rxb4 0-1

[Event "Madrid ch - Previa A"]
[Site "Madrid ESP"]
[Date "2010.11.24"]
[Round "8.12"]
[White "Tirado Parra, Alberto"]
[Black "Algaba Traspuesto, Jose Antonio"]
[Result "1-0"]
[WhiteElo "1908"]
[BlackElo "1717"]
[PlyCount "69"]
[EventDate "2010.11.10"]
[EventType "swiss"]
[EventRounds "9"]
[EventCountry "ESP"]
[Source "lmi"]
[SourceDate "2010.11.10"]

1. Nf3 Nf6 2. b3 g6 3. Bb2 Bg7 4. e3 d6 5. d4 O-O 6. Be2 c5 7. O-O cxd4 8. exd4
b6 9. c4 Qc7 10. Nc3 Bb7 11. Re1 d5 12. cxd5 Nxd5 13. Rc1 Qd8 14. Bc4 e6 15.
Nb5 a6 16. Bxd5 Bxd5 17. Nc7 Ra7 18. Nxd5 Qxd5 19. Ne5 f6 20. Nd3 Qd6 21. f4
Nc6 22. Rc4 Rc7 23. Qc1 Rfc8 24. Ba3 Qd7 25. Nb4 Bf8 26. Nxa6 Bxa3 27. Qxa3 Ra7
28. Ra4 Rca8 29. d5 Qxd5 30. Nc7 Qd2 31. Qc1 Qxc1 32. Rxc1 Rc8 33. Nxe6 Rxa4
34. bxa4 Kf7 35. Rxc6 1-0

[Event "Madrid ch - Previa A"]
[Site "Madrid ESP"]
[Date "2010.11.24"]
[Round "8.13"]
[White "Benito Alba, Eladio"]
[Black "Pardo Robles, Jose Manuel"]
[Result "0-1"]
[WhiteElo "1761"]
[BlackElo "1871"]
[PlyCount "106"]
[EventDate "2010.11.10"]
[EventType "swiss"]
[EventRounds "9"]
[EventCountry "ESP"]
[Source "lmi"]
[SourceDate "2010.11.10"]

1. d4 Nf6 2. Nf3 g6 3. g3 d5 4. Bg2 Bg7 5. O-O O-O 6. c4 c6 7. Nc3 dxc4 8. Ne5
Be6 9. e4 Nbd7 10. Nxd7 Qxd7 11. d5 cxd5 12. exd5 Bh3 13. Re1 Bxg2 14. Kxg2 b5
15. a3 a5 16. Bg5 h6 17. Bxf6 Bxf6 18. Qf3 Bg7 19. Rad1 b4 20. axb4 axb4 21.
Ne4 Bxb2 22. d6 exd6 23. Rxd6 Qf5 24. Qe2 Bc3 25. Nxc3 bxc3 26. Qxc4 Rac8 27.
Qd4 c2 28. Rc1 Rfe8 29. Qd3 Qxd3 30. Rxd3 Re6 31. Kf1 Kg7 32. Rd2 Rec6 33. Ke2
f5 34. f4 g5 35. fxg5 hxg5 36. Kd3 Rc3+ 37. Ke2 Kg6 38. Rd5 f4 39. gxf4 gxf4
40. Rd3 R3c4 41. Kf3 Rh8 42. Rd2 Rh3+ 43. Kg2 Rhc3 44. Rd8 Kf5 45. Rd2 Ke4 46.
Kf2 Rf3+ 47. Kg2 Rfc3 48. Kf2 f3 49. Rd8 Rc5 50. Re8+ Kd4 51. Rd8+ Kc4 52. Rb8
Rb5 53. Rc8+ Kb3 0-1

[Event "Madrid ch - Previa A"]
[Site "Madrid ESP"]
[Date "2010.11.24"]
[Round "8.14"]
[White "Corredor Gonzalez, Angel L"]
[Black "Lopez Rodriguez, Eduardo"]
[Result "0-1"]
[WhiteElo "1748"]
[BlackElo "1861"]
[PlyCount "57"]
[EventDate "2010.11.10"]
[EventType "swiss"]
[EventRounds "9"]
[EventCountry "ESP"]
[Source "lmi"]
[SourceDate "2010.11.10"]

1. e4 c6 2. Nf3 d5 3. Nc3 Bg4 4. h3 Bh5 5. exd5 cxd5 6. Bb5+ Nc6 7. g4 Bg6 8.
Ne5 Rc8 9. Qf3 e6 10. d4 Bd6 11. Bf4 Qc7 12. Nxg6 hxg6 13. Bxd6 Qxd6 14. O-O-O
a6 15. Bxc6+ Qxc6 16. Rd2 Nf6 17. g5 Nd7 18. Re1 Kf8 19. Rde2 Kg8 20. Qg4 Rh5
21. h4 b5 22. a3 Rb8 23. Rxe6 fxe6 24. Rxe6 Rxh4 25. Rxc6 Rxg4 26. Rxa6 Rxg5
27. Rd6 Nf6 28. b3 Rf5 29. Nd1 0-1

[Event "Madrid ch - Previa A"]
[Site "Madrid ESP"]
[Date "2010.11.24"]
[Round "8.15"]
[White "Canseco Arenas, Alfonso"]
[Black "Kalynovsky, Martin"]
[Result "1-0"]
[WhiteElo "1808"]
[BlackElo "1694"]
[PlyCount "95"]
[EventDate "2010.11.10"]
[EventType "swiss"]
[EventRounds "9"]
[EventCountry "ESP"]
[Source "lmi"]
[SourceDate "2010.11.10"]

1. e4 c5 2. Nf3 Nc6 3. d4 cxd4 4. Nxd4 e5 5. Nb5 a6 6. Nd6+ Bxd6 7. Qxd6 Qf6 8.
Qxf6 Nxf6 9. Bg5 Nxe4 10. Be3 h6 11. Bd3 Nf6 12. c3 O-O 13. Na3 d5 14. O-O Be6
15. f3 Rfc8 16. Nc2 Na5 17. Rfe1 Nc4 18. Bxc4 Rxc4 19. Na3 Rcc8 20. Bf2 Nd7 21.
Bg3 f6 22. Nc2 Kf7 23. Re2 Nc5 24. Rd1 Rd8 25. Bf2 b6 26. Red2 Ra7 27. Nb4 Rad7
28. h3 a5 29. Nc2 g6 30. Na3 e4 31. b4 axb4 32. cxb4 Na4 33. fxe4 dxe4 34.
Rxd7+ Rxd7 35. Rxd7+ Bxd7 36. Nc4 Be6 37. Nd6+ Ke7 38. Nxe4 Bxa2 39. Bd4 f5 40.
Nf6 Be6 41. Kf2 Kd6 42. h4 h5 43. g3 Kc6 44. Be3 Nb2 45. Bd2 Kb5 46. Ne8 Nd3+
47. Ke3 Bc4 48. Nd6+ 1-0

[Event "Madrid ch - Previa A"]
[Site "Madrid ESP"]
[Date "2010.11.24"]
[Round "8.16"]
[White "Marcelo De La Mata, Daniel"]
[Black "Maseda Iglesias, Luis"]
[Result "1/2-1/2"]
[WhiteElo "1684"]
[BlackElo "1787"]
[PlyCount "78"]
[EventDate "2010.11.10"]
[EventType "swiss"]
[EventRounds "9"]
[EventCountry "ESP"]
[Source "lmi"]
[SourceDate "2010.11.10"]

1. d4 d5 2. b3 c5 3. Bb2 Nf6 4. e3 e6 5. Nf3 Nc6 6. Nbd2 Bd6 7. Bb5 Bd7 8. O-O
O-O 9. a3 Qc7 10. Re1 Ne4 11. g3 Nxd4 12. Nxe4 Nxf3+ 13. Qxf3 dxe4 14. Qg4 f6
15. Bxd7 Qxd7 16. Qxe4 Qe7 17. c4 f5 18. Qg2 Qc7 19. Rad1 Rad8 20. Rd3 Be7 21.
Red1 Rxd3 22. Rxd3 Rd8 23. Qf1 Rxd3 24. Qxd3 Qd8 25. Qxd8+ Bxd8 26. Kg2 Kf7 27.
Kf3 Bf6 28. Bxf6 Kxf6 29. h4 a6 30. e4 Ke5 31. exf5 exf5 32. Ke3 a5 33. f3 h6
34. Kd3 g5 35. h5 b6 36. a4 Kf6 37. Ke3 Ke6 38. f4 Kf6 39. Kf3 g4+ 1/2-1/2

[Event "Madrid ch - Previa A"]
[Site "Madrid ESP"]
[Date "2010.11.24"]
[Round "8.17"]
[White "Hernandez Del Can, Jose"]
[Black "Gonzalo Gonzalez, Francisco"]
[Result "1-0"]
[WhiteElo "1726"]
[BlackElo "1764"]
[PlyCount "91"]
[EventDate "2010.11.10"]
[EventType "swiss"]
[EventRounds "9"]
[EventCountry "ESP"]
[Source "lmi"]
[SourceDate "2010.11.10"]

1. c4 c5 2. Nc3 Nc6 3. Nf3 Nf6 4. d4 cxd4 5. Nxd4 g6 6. e3 Bg7 7. Be2 O-O 8.
O-O d6 9. h3 Ne5 10. b3 Bd7 11. Nf3 Qc8 12. Nxe5 dxe5 13. Bb2 e4 14. Rb1 b6 15.
Nd5 Nxd5 16. Qxd5 Bc6 17. Qd1 e5 18. Qc2 f5 19. Rbd1 Qb7 20. Rd2 f4 21. Rfd1
fxe3 22. fxe3 Bh6 23. Qc3 Qf7 24. Rf1 Qe7 25. Kh1 Rxf1+ 26. Bxf1 Re8 27. Rd1
Qc5 28. Bc1 Rf8 29. b4 Qe7 30. b5 Bd7 31. Ba3 Rxf1+ 32. Rxf1 Qg5 33. Qb4 Qd8
34. Qd6 Qc8 35. Qd5+ Be6 36. Qxe4 Bxh3 37. Qh4 Bxg2+ 38. Kxg2 Bg7 39. Qe4 Kh8
40. Bd6 Qe8 41. Qd5 h5 42. Rf7 h4 43. Rxg7 Kxg7 44. Qxe5+ Qxe5 45. Bxe5+ Kf7
46. Bb8 1-0

[Event "Madrid ch - Previa A"]
[Site "Madrid ESP"]
[Date "2010.11.24"]
[Round "8.18"]
[White "Prieto Saiz, Carlos Francisco"]
[Black "Benitez Cadenas, Luis Miguel"]
[Result "0-1"]
[WhiteElo "1753"]
[BlackElo "1724"]
[PlyCount "124"]
[EventDate "2010.11.10"]
[EventType "swiss"]
[EventRounds "9"]
[EventCountry "ESP"]
[Source "lmi"]
[SourceDate "2010.11.10"]

1. d4 d5 2. Nf3 Nf6 3. Bg5 Ne4 4. e3 Bg4 5. Bh4 g5 6. Bg3 h5 7. h3 Nxg3 8. fxg3
Bf5 9. Qe2 Qd6 10. Qf2 f6 11. Nc3 c6 12. O-O-O Qe6 13. Bd3 Bh6 14. Bxf5 Qxf5
15. Qe2 g4 16. Nh4 Qg5 17. Rde1 Nd7 18. Kb1 O-O-O 19. e4 e6 20. exd5 exd5 21.
Qd3 Rhe8 22. Nf5 Bf8 23. Nd1 c5 24. c3 c4 25. Qc2 Kb8 26. Nde3 Nb6 27. hxg4
hxg4 28. Rh4 Re4 29. Qd1 Rde8 30. Rxg4 Qxf5 31. Nxf5 Rxe1 32. Qxe1 Rxe1+ 33.
Kc2 Re2+ 34. Kc1 Rxg2 35. Rg8 Nd7 36. Ne7 Kc7 37. Nxd5+ Kd6 38. Nf4 Bh6 39. Rh8
Bxf4+ 40. gxf4 Rg4 41. Rc8 Nb6 42. Rb8 Kc7 43. Re8 Rxf4 44. b3 cxb3 45. axb3
Rf2 46. c4 f5 47. d5 f4 48. Re7+ Kc8 49. d6 f3 50. Rc7+ Kd8 51. Rxb7 Ra2 52. c5
f2 53. Rf7 Nd5 54. Rf8+ Kd7 55. Kb1 Nc3+ 56. Kc1 Ne4 57. Kd1 f1=Q+ 58. Rxf1
Ra1+ 59. Ke2 Ng3+ 60. Kd3 Nxf1 61. Kc4 Kc6 62. b4 a6 0-1

[Event "Madrid ch - Previa A"]
[Site "Madrid ESP"]
[Date "2010.11.24"]
[Round "8.19"]
[White "Castro Uceda, Jose Antonio"]
[Black "Fernandez Martinez, Jose"]
[Result "0-1"]
[WhiteElo "1647"]
[BlackElo "1794"]
[PlyCount "66"]
[EventDate "2010.11.10"]
[EventType "swiss"]
[EventRounds "9"]
[EventCountry "ESP"]
[Source "lmi"]
[SourceDate "2010.11.10"]

1. d4 Nf6 2. c4 e6 3. Nc3 d5 4. e3 c6 5. Nf3 Bd6 6. Bd3 Nbd7 7. O-O O-O 8. Re1
e5 9. dxe5 Nxe5 10. cxd5 Nxf3+ 11. Qxf3 Bg4 12. Be2 Bxf3 13. Bxf3 cxd5 14. e4
Re8 15. Bg5 h6 16. Bxf6 Qxf6 17. Nxd5 Qe5 18. g3 Rac8 19. Re2 Rc4 20. Rd1 Rec8
21. Nc3 Rd4 22. Rde1 Bb4 23. Rc1 Bxc3 24. bxc3 Rdc4 25. Bg4 Rxc3 26. Rd1 R8c7
27. Rd5 Rc1+ 28. Kg2 Qa1 29. Kh3 Rh1 30. Bf3 Qf1+ 31. Bg2 Rxh2+ 32. Kxh2 Qxe2
33. e5 Rc2 0-1

[Event "Madrid ch - Previa A"]
[Site "Madrid ESP"]
[Date "2010.11.24"]
[Round "8.20"]
[White "Martinez Carrasco, Jesus"]
[Black "De Dompablo Fantova, Juan"]
[Result "0-1"]
[WhiteElo "1577"]
[BlackElo "1755"]
[PlyCount "58"]
[EventDate "2010.11.10"]
[EventType "swiss"]
[EventRounds "9"]
[EventCountry "ESP"]
[Source "lmi"]
[SourceDate "2010.11.10"]

1. e4 c5 2. Nf3 d6 3. d4 cxd4 4. Nxd4 Nf6 5. Nc3 g6 6. Be3 Bg7 7. f3 O-O 8. Qd2
Nc6 9. Bc4 Bd7 10. O-O-O Rc8 11. Bb3 Ne5 12. h4 h5 13. Bg5 Nc4 14. Qd3 Na5 15.
Kb1 Nxb3 16. axb3 a6 17. g3 b5 18. Bd2 Bc6 19. Nxc6 Rxc6 20. Rhf1 Qc7 21. f4 e6
22. f5 Rc8 23. Rc1 Ng4 24. Ne2 Ne5 25. Qe3 Rxc2 26. Rxc2 Qxc2+ 27. Ka2 Ng4 28.
Nd4 Nxe3 29. Nxc2 Nxf1 0-1

[Event "Madrid ch - Previa A"]
[Site "Madrid ESP"]
[Date "2010.11.24"]
[Round "8.22"]
[White "Benito Mellado, Humberto"]
[Black "Martin Rodriguez, Jose L"]
[Result "1/2-1/2"]
[WhiteElo "1626"]
[BlackElo "1502"]
[PlyCount "163"]
[EventDate "2010.11.10"]
[EventType "swiss"]
[EventRounds "9"]
[EventCountry "ESP"]
[Source "lmi"]
[SourceDate "2010.11.10"]

1. d4 Nf6 2. c4 e6 3. Nf3 Bb4+ 4. Nc3 c5 5. dxc5 Bxc5 6. Bg5 Bb4 7. Qb3 Nc6 8.
a3 Qa5 9. Bxf6 gxf6 10. g3 Bxc3+ 11. bxc3 Qc5 12. Bg2 b6 13. O-O Rb8 14. Qb5 a6
15. Qxc5 bxc5 16. Rab1 Rxb1 17. Rxb1 Ke7 18. Nd2 Rd8 19. Bxc6 dxc6 20. Ne4 Kd7
21. Nxc5+ Kc7 22. Ne4 Bb7 23. Nxf6 Rd2 24. Nxh7 Rxe2 25. h4 c5 26. h5 Be4 27.
Rc1 Bxh7 28. g4 Rc2 29. Re1 Rxc3 30. Re5 Rxc4 31. Rg5 Rf4 32. Rxc5+ Kb6 33. Rg5
Be4 34. h6 Rf6 35. Rh5 Bh7 36. Kg2 Rg6 37. Kg3 f6 38. f4 Kc6 39. g5 Kd6 40. Kg4
f5+ 41. Kg3 e5 42. Rh2 exf4+ 43. Kxf4 Re6 44. Rd2+ Ke7 45. Rb2 Re4+ 46. Kf3 Kf7
47. Rb7+ Kg6 48. Rg7+ Kh5 49. Rxh7 Kxg5 50. Rh8 Rh4 51. h7 Kg6 52. Ra8 Rxh7 53.
Rxa6+ Kg5 54. a4 Rh3+ 55. Kg2 Ra3 56. a5 Kg4 57. Rg6+ Kf4 58. a6 Ra2+ 59. Kh3
Ra3+ 60. Kh2 Ra2+ 61. Kg1 Kf3 62. Rf6 f4 63. Rg6 Ra1+ 64. Kh2 Ra2+ 65. Kh1 Ra1+
66. Kh2 Ra2+ 67. Kh1 Ke3 68. Kg1 Kf3 69. Kh1 Ra1+ 70. Kh2 Ra2+ 71. Kh1 Ke4 72.
Re6+ Kf5 73. Rc6 f3 74. Kg1 Kf4 75. Rf6+ Ke3 76. Re6+ Kf4 77. Rf6+ Ke4 78. Re6+
Kf5 79. Rc6 Ra1+ 80. Kf2 Ra2+ 81. Kg1 Kf4 82. Rf6+ 1/2-1/2

[Event "Madrid ch - Previa A"]
[Site "Madrid ESP"]
[Date "2010.11.25"]
[Round "9.1"]
[White "Camarero Izquierdo, Juan Carlos"]
[Black "Garcia Lopez, Pedro"]
[Result "1-0"]
[WhiteElo "1876"]
[BlackElo "1854"]
[PlyCount "59"]
[EventDate "2010.11.10"]
[EventType "swiss"]
[EventRounds "9"]
[EventCountry "ESP"]
[Source "lmi"]
[SourceDate "2010.11.10"]

1. e4 c5 2. Nf3 a6 3. d4 cxd4 4. Nxd4 Nc6 5. Nc3 e6 6. Be3 Nf6 7. f3 Bb4 8. Qd2
h6 9. O-O-O O-O 10. g4 Qa5 11. Nde2 Ne5 12. Bxh6 gxh6 13. Qxh6 Ng6 14. h4 Re8
15. h5 Bf8 16. Qe3 Ne7 17. g5 Nh7 18. f4 Nc6 19. g6 fxg6 20. hxg6 Nf6 21. e5
Ng4 22. Qh3 Nh6 23. Ng3 Ne7 24. Nh5 Nd5 25. Rxd5 exd5 26. Nf6+ Kh8 27. Nxe8 d6
28. e6 Qb4 29. Qf5 Bxe6 30. Qxf8+ 1-0

[Event "Madrid ch - Previa A"]
[Site "Madrid ESP"]
[Date "2010.11.25"]
[Round "9.3"]
[White "Rojas Pozo, Jose Luis"]
[Black "Beekhof Harmsen, Willen"]
[Result "1/2-1/2"]
[WhiteElo "1946"]
[BlackElo "1806"]
[PlyCount "46"]
[EventDate "2010.11.10"]
[EventType "swiss"]
[EventRounds "9"]
[EventCountry "ESP"]
[Source "lmi"]
[SourceDate "2010.11.10"]

1. Nf3 e6 2. c4 b6 3. g3 Bb7 4. Bg2 f5 5. Nc3 Nf6 6. O-O Be7 7. b3 O-O 8. Bb2
c5 9. e3 Nc6 10. d4 Ne4 11. d5 Nxc3 12. Bxc3 Nb4 13. a3 Na6 14. d6 Bf6 15. Ne5
Bxg2 16. Kxg2 Rc8 17. Qf3 Nb8 18. Rac1 Nc6 19. Nxc6 Rxc6 20. Rfd1 Bxc3 21. Rxc3
Qf6 22. Rcd3 e5 23. Qd5+ Kh8 1/2-1/2

[Event "Madrid ch - Previa A"]
[Site "Madrid ESP"]
[Date "2010.11.25"]
[Round "9.6"]
[White "Monge Gilgado, Eva Maria"]
[Black "Lopez Garralon, Miguel"]
[Result "0-1"]
[WhiteElo "1812"]
[BlackElo "1882"]
[PlyCount "142"]
[EventDate "2010.11.10"]
[EventType "swiss"]
[EventRounds "9"]
[EventCountry "ESP"]
[Source "lmi"]
[SourceDate "2010.11.10"]

1. e4 d6 2. Nc3 Nf6 3. d4 Nbd7 4. Bc4 e5 5. Nf3 Be7 6. O-O h6 7. Re1 c6 8. dxe5
dxe5 9. b3 Qc7 10. Bb2 O-O 11. Qe2 b5 12. Bd3 Bc5 13. h3 Nh5 14. Qd2 Nf4 15.
Ne2 Nh5 16. b4 Bd6 17. c4 bxc4 18. Bxc4 Nb6 19. Bb3 Qe7 20. a3 Ba6 21. g3 Rad8
22. Qc3 Rfe8 23. Rad1 Bb5 24. Qc2 Qf6 25. Nh4 g6 26. Ng2 Qe7 27. Nc3 Nc4 28.
Nxb5 cxb5 29. Bxc4 Rc8 30. Bxf7+ Qxf7 31. Qe2 Bc7 32. Qxb5 Bb6 33. Ne3 Nxg3 34.
fxg3 Rc2 35. Qd5 Rxb2 36. Qxf7+ Kxf7 37. Kh1 Rb3 38. Nc4 Rxg3 39. Kh2 Rc3 40.
Nd6+ Ke7 41. Nxe8 Kxe8 42. Rd5 Bd4 43. a4 Rc2+ 44. Kh1 Rc3 45. Kg2 Rc2+ 46. Kf3
Rf2+ 47. Kg4 Rf4+ 48. Kg3 Bf2+ 49. Kg2 Bxe1 50. Rxe5+ Kf7 51. b5 Ba5 52. Rd5
Ke6 53. Rd4 Ke5 54. Rd7 Bb6 55. Rh7 h5 56. a5 Bxa5 57. Rxa7 Bb6 58. Re7+ Kd6
59. Re8 g5 60. e5+ Kd7 61. Rh8 h4 62. Rh6 Bc7 63. e6+ Kd6 64. b6 Bd8 65. Rg6
Be7 66. Rg8 Rb4 67. Rb8 Kxe6 68. Rb7 Bd8 69. Ra7 Rxb6 70. Kf3 Kf5 71. Rf7+ Bf6
0-1

[Event "Madrid ch - Previa A"]
[Site "Madrid ESP"]
[Date "2010.11.25"]
[Round "9.7"]
[White "Galan Aguado, Fernando"]
[Black "Perez Cameselle, Francisco"]
[Result "1/2-1/2"]
[WhiteElo "1820"]
[BlackElo "1882"]
[PlyCount "61"]
[EventDate "2010.11.10"]
[EventType "swiss"]
[EventRounds "9"]
[EventCountry "ESP"]
[Source "lmi"]
[SourceDate "2010.11.10"]

1. d4 Nf6 2. Nf3 g6 3. Bf4 d6 4. h3 Bg7 5. e3 Nbd7 6. Be2 O-O 7. O-O e6 8. c3
Qe7 9. Nbd2 e5 10. dxe5 dxe5 11. Bh2 e4 12. Nd4 c5 13. Nb5 Ne5 14. Qc2 a6 15.
Na3 Nc6 16. Nac4 Rd8 17. a4 h5 18. Rfd1 Bf5 19. Nb6 Ra7 20. Ndc4 Rxd1+ 21. Rxd1
Ne8 22. Nd6 Nxd6 23. Bxd6 Qg5 24. Bf4 Qh4 25. Bg3 Qf6 26. Rd6 Qe7 27. Nd5 Qf8
28. Nf6+ Bxf6 29. Rxf6 Qe7 30. Bh4 Qd7 31. Bg3 1/2-1/2

[Event "Madrid ch - Previa A"]
[Site "Madrid ESP"]
[Date "2010.11.25"]
[Round "9.8"]
[White "Fernandez Garcia, Ignacio"]
[Black "Pardo Robles, Jose Manuel"]
[Result "1/2-1/2"]
[WhiteElo "1948"]
[BlackElo "1871"]
[PlyCount "81"]
[EventDate "2010.11.10"]
[EventType "swiss"]
[EventRounds "9"]
[EventCountry "ESP"]
[Source "lmi"]
[SourceDate "2010.11.10"]

1. e4 c5 2. Nc3 Nc6 3. Bc4 e6 4. Nf3 d6 5. O-O Be7 6. a4 a6 7. d3 Bd7 8. Ba2
Nf6 9. Ne2 O-O 10. c3 b5 11. Bb3 b4 12. Bd2 Rb8 13. Ng3 Na5 14. Bc2 b3 15. Bb1
e5 16. h3 Qc7 17. Bg5 Be6 18. Nh4 Ne8 19. Bxe7 Qxe7 20. Nhf5 Bxf5 21. Nxf5 Qf6
22. f4 g6 23. fxe5 Qxe5 24. Nh6+ Kg7 25. Ng4 Qg5 26. d4 h5 27. Nh2 Nc4 28. dxc5
dxc5 29. Re1 Nc7 30. Nf3 Qf4 31. e5 Rfd8 32. Qe2 Ne6 33. Be4 Nxe5 34. Nxe5 Qxe5
35. Qxa6 Qf4 36. Re2 Rd6 37. Qc4 Qg3 38. Rae1 Nf4 39. Re3 Nxh3+ 40. Kh1 Nf2+
41. Kg1 1/2-1/2